Cultura Geral - Statistics

Estatísticas Gerais
  • Esse quiz foi jogado 30 vezes
  • A pontuação média é 9 de 15
Estatísticas das Respostas
Hint Resposta % Correto
Em que cidade aconteceram os ataques de 11 de Setembro? Nova Iorque
100%
Qual é a estrutura mais alta de Paris? Torre Eiffel
96%
Que estátua a França deu aos Estados Unidos? Estátua da Liberdade
87%
Em que país podemos encontrar o Castelo do Drácula? Roménia
83%
Qual é o principal rio que atravessa Paris? Sena
74%
Qual é o metal mais exportado da Burkina Faso? Ouro
65%
Que artista cortou parte de sua orelha? Vincent Van Gogh
65%
Qual é a capital de Taiwan? Taipé
61%
Que região histórica da Roménia começa com a letra T? Transilvânia
57%
Que animal está na bandeira do Sri Lanka? Leão
48%
Que cidade perto de Paris foi o lar do palácio de Luís XIV? Versailles
35%
Que país tem como capital Bamako? Mali
30%
Que cordilheira pode ser encontrada na fronteira da França com a Espanha? Pirinéus
22%
Que personagem fictício foi retratado por George Reeves e Christopher Reeve? Superman
22%
Que marca automobilística tem sede na Roménia? Dacia
17%
Nenhum quiz correspondente encontrado
Distribuição das Pontuações
Porcentagem de Pessoas com Cada Pontuação
Percentil de Números Respondidos
Sua Pontuação Histórica
Você não jogou esse quiz